Pokémon Trivia by Letter - C - Statistics

General Stats
  • This quiz has been taken 48 times
  • The average score is 11 of 20
Answer Stats
Hint Answer % Correct
Ability that eliminates the effects of weather Cloud Nine
84%
The only Fighting/Ice Pokémon Crabominable
84%
Dive in Hoenn to catch this Pokémon Clamperl
82%
Ability that boosts speed in sunlight Chlorophyll
79%
Move that retaliates a physical hit with double the power Counter
79%
Wake Crasher
79%
Cat of the quiz writer / Sinnoh Champion Cynthia
68%
Badge awarded to Trainers who defeat Roark Coal Badge
61%
Signature move of Regigigas Crush Grip
58%
Status that deals 1/4 of max HP damage per turn Curse
55%
Japanese magazine known for upcoming game leaks CoroCoro
53%
Pokémon with identical base stats to Quilava Charmeleon
50%
Your Chansey-using companion in Eterna Forest Cheryl
50%
Pokémon known as "Orphon" in the Red and Blue beta Cubone
50%
The Miner King Clay
47%
Spinoff game featuring the kingdom of Aurora Conquest
47%
Professor Juniper's father Cedric
45%
Developer of the Mystery Dungeon games Chunsoft
26%
Kalos town in which Shabboneau Castle is located Camphrier Town
16%
Island based on Izu Oshima Cinnabar
11%
No matching quizzes found
Score Distribution
Percent of People with Each Score
Percentile by Number Answered
Your Score History
You have not taken this quiz